00620nam a22001697a 450000500170000001000150001702000260003203500150005803700090007308200100008224501000009226000580019227001200025030000200037070000310039070000290042120250404153147.0 aENG-144494 c250.00a9788196085056 aEN-1280026 bDBAD a363.3 aResearch, Reflection and Community Engagement/cEdited By Walter Fernandes [and] Sanjay Barbora aGuwahatibNorth Eastern Social Research Centre c2024 aNorth Eastern Social Research Centre Jagriti 2nd Floor, Arunodoi Path, GMCH Road, Christian BastibGuwahatie781005 a217p.c22cm(pb) aFernandes, Walter eEditor aBarbora, Sanjay eEditor